Notes on the natural history of some small mammals in central Brazil (Registro nro. 10443)

Detalles MARC
000 -CABECERA
Campo de control 005490000a22001690004500
090 ## - CLASIFICACIÓN LOCAL
Colección AR
Consecutivo 01358
041 0# - IDIOMA
Código de idioma para texto/pista de sonido o título separado
100 1# - ASIENTO PRINCIPAL--NOMBRE PERSONAL
Nombre personal Dietz, James M.
245 10 - MENCION DE TITULO
Título Notes on the natural history of some small mammals in central Brazil
650 14 - ASIENTO SECUNDARIO DE MATERIA - TERMINO TEMATICO
Término temático o nombre geográfico como elemento de entrada Cerrados
650 14 - ASIENTO SECUNDARIO DE MATERIA - TERMINO TEMATICO
Término temático o nombre geográfico como elemento de entrada Mamíferos
650 14 - ASIENTO SECUNDARIO DE MATERIA - TERMINO TEMATICO
Término temático o nombre geográfico como elemento de entrada Composición del hábitat
651 #4 - ASIENTO SECUNDARIO DE MATERIA - NOMBRE GEOGRAFICO
-- Parque Nacional Sierra de Canastra
-- Brasil
653 ## - TERMINO DE INDIZACION - NO CONTROLADO
-- Chrysocyon
-- Chrysocyon brachyurus
773 1# - Item fuente:
Título Journal of Mammalogy
Especificación de materiales 106
Descripción física 3
Paginas del Articulo 521-523
Lugar, editorial y fecha de publicación 1983
Información sobre la relación 64
942 ## - ELEMENTOS ADICIONALES (KOHA)
Tipo de ítem Artículo
Existencias
Withdrawn status Lost status Damaged status No para préstamo Colección Ubicación Permanente Ubicación actual Fecha de adquisición Fuente de Valor Datos de publicación Seriada Total Checkouts Número topográfico Inventario / Código de Barras Date last seen Ejemplar Price effective from Forma de adquisición Tipo de material
      No para Préstamo Hemeroteca Bogotá Bogotá 27/02/2015 Muñoz Saba, Yaneth Fuera de circulación   AR 01358 011704 25/03/2015 1 25/03/2015   Artículo